000 00667nam a2200205Ia 4500
003 GCL
008 140319s9999 xx 000 0 ara d
020 _a9201705977
040 _aGCL /
_cGCL
082 0 4 _a751.6
_bا ف
100 1 _aاسامة الفقى
245 1 0 _aفى فكر ترميم اللوحات الزيتية /
_cاسامة الفقى
260 _aالقاهرة :
_bمكتبة الانجلوالمصرية ،
_c2004
300 _a311 ص ؛
_c28 سم
650 0 4 _aاللوحات
650 0 4 _aاللوحات الزيتية
650 0 4 _aاللوحات الزيتية - ترميم
650 0 4 _aاللوحات - تلوين
942 _2ddc
_cBK
999 _c32194
_d32194